| 000 | 00446nam a22001817a 4500 | ||
|---|---|---|---|
| 003 | OSt | ||
| 005 | 20251006164631.0 | ||
| 008 | 251006b |||||||| |||| 00| 0 eng d | ||
| 020 | _a9788195475179 | ||
| 082 |
_a158 _bCHAD |
||
| 100 | _aChabra, Mohan | ||
| 245 | _aDream to win: From passion to attainment | ||
| 260 |
_aMumbai _b Scripto Publishers |
||
| 300 | _a342p. | ||
| 546 | _aEnglish | ||
| 651 | _aApplied Psychology | ||
| 942 |
_2ddc _cBK |
||
| 999 |
_c3872 _d3872 |
||